Movies Quiz

Random Movies or Actor Quiz

Will Smith Movies by Critical Contrast Quiz Stats

Quiz Updated Aug 20, 2012

Challenge
Share
Tweet
Embed
Score 0/15 Timer 05:00
1 Play Today
Blurb One Film % Correct
‘A smart romantic comedy and a fabulous showcase for its leads and New York City setting.’

(Boston Herald)
Hitch
80.3%
‘[This film] is actually about the last man on earth played by one of the last real movie stars on earth.’

(Boston Globe)
I Am Legend
78.5%
‘An engaging and thoroughly innovative spin on the superhero genre.’

(Reel Film Reviews)
Hancock
78%
‘It has uncommon depth and honesty. And the thing it's honest about is the embarrassment and humiliation of being poor.’

(LA Weekly)
The Pursuit of Happyness
71.4%
‘A triumphant labor of love for its star, Will Smith. Credit director Mann, above all, for recognizing the performance for what it is: A knockout.’

(Detroit News)<
Ali
64.2%
‘Tauter, sharper, and more blithely hilarious than the original.’

(Boston Phoenix)
Men in Black II
57.6%
‘Terrific effects and loads of action. But the filmmakers have also carefully crafted appealing characters and several good relationships.’

(Houston Chronicle)
Independence Day
53.1%
‘[Smith's] graceful presence helps turn what often feels like 18 holes of Touched By an Angel into an ultimately engaging sweet conceit.’

(Milwaukee Journal Sentin
The Legend of Bagger Vance
51%
Blurb One Film % Correct
‘The film, while slow moving, is worth the wait for the emotional payoff.’

(Atlantic City Weekly)
Seven Pounds
49.2%
‘The ace in the hole in [the film] is Shakespearean Kenneth Branagh as the villain, Loveless.’

(San Francisco Chronicle)
Wild Wild West
44.7%
‘A sparkling addition to the modern animation canon.’

(Detroit News)
Shark Tale
44.2%
‘Surprisingly smart, cool-looking, nicely paced and well-acted.’

(New York Post)
I, Robot
41.9%
‘Crowd-pleasing, energetic action comedy.’

(The Movie Report)
Bad Boys
36.5%
‘[Its] spirited action is balanced by an almost contemplative attitude toward surveillance phobias and the movie cliches they've spawned.’

(Chicago Reader)
Enemy of the State
36.1%
‘An unapologetic, unreconstructed actioner that's as entertaining as it is politically retrograde.’

(BBC)
Bad Boys II
16%

You're not logged in!

Compare scores with friends on all Sporcle quizzes.
Sign Up with Email
OR
Log In

You Might Also Like...

Show Comments

Extras

Top Quizzes Today


Score Distribution

Your Account Isn't Verified!

In order to create a playlist on Sporcle, you need to verify the email address you used during registration. Go to your Sporcle Settings to finish the process.

Report this User

Report this user for behavior that violates our Community Guidelines.

Details: